| 000 | 00675nam a22002417a 4500 | ||
|---|---|---|---|
| 008 | 170329s2017 spa||||| |||| 00| 0 spa d | ||
| 020 | _a9788482155326 | ||
| 082 | 0 | 4 |
_a708 _bA675a |
| 111 | 1 |
_aARCOmadrid. _95763 |
|
| 245 | 1 | 0 |
_aARCOmadrid : _bFeria Internacional de Arte Contemporáneo. |
| 250 | _a1a ed. | ||
| 260 |
_aMadrid, España : _bARCOmadrid ; IFEMA ; Feria de Madrid, _c2017. |
||
| 300 |
_a533 p. _bil. col. |
||
| 653 | 1 | 0 | _aArte contemporáneo |
| 653 | 1 | 0 | _aCatálogo de evento |
| 653 | 1 | 0 | _aExhibiciones |
| 653 | 1 | 0 | _aFerias |
| 653 | 1 | 0 | _aArte internacional |
| 653 | 1 | 0 | _aInstalación |
| 653 | 1 | 0 | _aPintura |
| 653 | 1 | 0 | _aVideoarte |
| 653 | 1 | 0 | _aGalerías |
| 999 |
_c1165 _d1165 |
||